<?xml version="1.0" encoding="UTF-8"?>
<record
    xmlns:xsi="http://www.w3.org/2001/XMLSchema-instance"
    xsi:schemaLocation="http://www.loc.gov/MARC21/slim http://www.loc.gov/standards/marcxml/schema/MARC21slim.xsd"
    xmlns="http://www.loc.gov/MARC21/slim">

  <leader>02708nam a2200337 a 4500</leader>
  <controlfield tag="001">000023775</controlfield>
  <controlfield tag="003">DO-SdBNP</controlfield>
  <controlfield tag="005">20260120073950.0</controlfield>
  <controlfield tag="008">110113s1997    dr      r     001 0 spa d</controlfield>
  <datafield tag="040" ind1=" " ind2=" ">
    <subfield code="a">DO-SdBNP</subfield>
    <subfield code="b">spa</subfield>
    <subfield code="c">BNPHU</subfield>
    <subfield code="e">rda</subfield>
  </datafield>
  <datafield tag="041" ind1=" " ind2=" ">
    <subfield code="h">spa</subfield>
  </datafield>
  <datafield tag="082" ind1=" " ind2="4">
    <subfield code="a">231.3</subfield>
    <subfield code="b">J91a</subfield>
    <subfield code="2">22</subfield>
  </datafield>
  <datafield tag="100" ind1="1" ind2=" ">
    <subfield code="a">Juanes, Benigno</subfield>
    <subfield code="d">1916-2009</subfield>
    <subfield code="9">442</subfield>
  </datafield>
  <datafield tag="245" ind1="1" ind2="3">
    <subfield code="a">La acci&#xF3;n del Esp&#xED;ritu Santo en el coraz&#xF3;n del creyente /</subfield>
    <subfield code="c">Benigno Juanes, S.J.</subfield>
  </datafield>
  <datafield tag="264" ind1=" " ind2="1">
    <subfield code="a">Santo Domingo :</subfield>
    <subfield code="b">Renovaci&#xF3;n Carism&#xE1;tica Cat&#xF3;lica,</subfield>
    <subfield code="c">1997.</subfield>
  </datafield>
  <datafield tag="300" ind1=" " ind2=" ">
    <subfield code="a">240 p&#xE1;ginas ;</subfield>
    <subfield code="c">23 cm.</subfield>
  </datafield>
  <datafield tag="336" ind1=" " ind2=" ">
    <subfield code="a">texto</subfield>
    <subfield code="b">txt</subfield>
    <subfield code="2">rdacantent</subfield>
  </datafield>
  <datafield tag="337" ind1=" " ind2=" ">
    <subfield code="a">sin mediaci&#xF3;n</subfield>
    <subfield code="b">n</subfield>
    <subfield code="2">rdamedia</subfield>
  </datafield>
  <datafield tag="338" ind1=" " ind2=" ">
    <subfield code="a">volumen</subfield>
    <subfield code="b">nc</subfield>
    <subfield code="2">rdacarrier</subfield>
  </datafield>
  <datafield tag="490" ind1="1" ind2=" ">
    <subfield code="a">Torrentes ;</subfield>
    <subfield code="v">7</subfield>
  </datafield>
  <datafield tag="504" ind1=" " ind2=" ">
    <subfield code="a">Incluye referencias bibliogr&#xE1;ficas p&#xE1;gina 55, y notas al final de las p&#xE1;ginas</subfield>
  </datafield>
  <datafield tag="505" ind1="0" ind2=" ">
    <subfield code="t">Pr&#xF3;logo --</subfield>
    <subfield code="t">La habitaci&#xF3;n (inhabitaci&#xF3;n) de la Trinidad en el alma de justo --</subfield>
    <subfield code="t">Jes&#xFA;s y el Esp&#xED;ritu Santo --</subfield>
    <subfield code="t">Jes&#xFA;s, dador del esp&#xED;ritu --</subfield>
    <subfield code="t">El Esp&#xED;ritu Santo don por excelencia del Padre y del Hijo --</subfield>
    <subfield code="t">El Esp&#xED;ritu nos incorpora a Cristo resucitado --</subfield>
    <subfield code="t">El Esp&#xED;ritu Santo nos da la filiaci&#xF3;n divina en Cristo y establece una relaci&#xF3;n nueva por el conocimiento y el amor --</subfield>
    <subfield code="t">El Esp&#xED;ritu Santo nos da la filiaci&#xF3;n divina en Cristo y establece una relaci&#xF3;n nueva por el conocimiento y el amor --</subfield>
    <subfield code="t">El Esp&#xED;ritu Santo domina toda al existencia cristiana y preside su desarrollo --</subfield>
    <subfield code="t">El Esp&#xED;ritu Santo desarrolla la vida divina por el ejercicio de las virtudes teologales: fe, esperanza y caridad --</subfield>
    <subfield code="t">El Esp&#xED;ritu Santo nos da la experiencia de Dios --</subfield>
    <subfield code="t">El Esp&#xED;ritu Santo nos da la experiencia de Dios --</subfield>
    <subfield code="t">El Esp&#xED;ritu Santo, principio de nuestra vida moral como realidad de la santidad cristiana en Cristo Jes&#xFA;s --</subfield>
    <subfield code="t">El Esp&#xED;ritu Santo principio de nuestra vida moral en la obediencia filial a la voluntad del Padre a ejemplo de Jesucristo y en la realizaci&#xF3;n del amor --</subfield>
    <subfield code="t">El Esp&#xED;ritu Santo nos da la oraci&#xF3;n de Jes&#xFA;s --</subfield>
    <subfield code="t">El Esp&#xED;ritu y la lucha contra la carne. &#xC9;l da la verdadera libertad --</subfield>
    <subfield code="t">El Esp&#xED;ritu Santo fuente de los dones espirituales y carismas en la iglesia --</subfield>
    <subfield code="t">Los frutos del Esp&#xED;ritu --</subfield>
    <subfield code="t">El fruto m&#xE1;s precioso de la acci&#xF3;n del Esp&#xED;ritu Santo en el alma: descubre e introduce en el ministerio de la cruz --</subfield>
    <subfield code="t">La acci&#xF3;n del Esp&#xED;ritu Santo en el alma suscita y urge el deseo de la "opci&#xF3;n preferencial por los pobres" --</subfield>
    <subfield code="t">El Esp&#xED;ritu Santo y la evangelizaci&#xF3;n.</subfield>
  </datafield>
  <datafield tag="590" ind1=" " ind2=" ">
    <subfield code="a">Inventariado, 2018/BT</subfield>
  </datafield>
  <datafield tag="650" ind1=" " ind2="4">
    <subfield code="a">Espiritu santo</subfield>
    <subfield code="9">7135</subfield>
  </datafield>
  <datafield tag="650" ind1=" " ind2="4">
    <subfield code="a">Jesucristo</subfield>
    <subfield code="x">Ense&#xF1;anzas</subfield>
    <subfield code="9">22829</subfield>
  </datafield>
  <datafield tag="650" ind1=" " ind2="0">
    <subfield code="a">Vida cristiana</subfield>
    <subfield code="9">668</subfield>
  </datafield>
  <datafield tag="650" ind1=" " ind2="0">
    <subfield code="a">Vida espiritual</subfield>
    <subfield code="9">268</subfield>
  </datafield>
  <datafield tag="830" ind1=" " ind2="0">
    <subfield code="a">Torrentes ;</subfield>
    <subfield code="n">7</subfield>
    <subfield code="9">48939</subfield>
  </datafield>
  <datafield tag="910" ind1=" " ind2=" ">
    <subfield code="a">Validado. Control de calidad. EMS</subfield>
  </datafield>
  <datafield tag="942" ind1=" " ind2=" ">
    <subfield code="2">ddc</subfield>
    <subfield code="c">LBS1</subfield>
  </datafield>
  <datafield tag="952" ind1=" " ind2=" ">
    <subfield code="0">0</subfield>
    <subfield code="1">0</subfield>
    <subfield code="2">ddc</subfield>
    <subfield code="7">0</subfield>
    <subfield code="8">DS</subfield>
    <subfield code="a">BNPHU</subfield>
    <subfield code="b">BNPHU</subfield>
    <subfield code="c">HD</subfield>
    <subfield code="d">2018-10-11</subfield>
    <subfield code="l">0</subfield>
    <subfield code="o">BNPHU DS 231.3 J91a</subfield>
    <subfield code="p">23775-30</subfield>
    <subfield code="r">2020-06-25</subfield>
    <subfield code="t">e. 3</subfield>
    <subfield code="w">2020-06-25</subfield>
    <subfield code="y">LBS1</subfield>
    <subfield code="Z">Pr&#xE9;stamo en sala</subfield>
  </datafield>
  <datafield tag="952" ind1=" " ind2=" ">
    <subfield code="0">0</subfield>
    <subfield code="1">0</subfield>
    <subfield code="2">ddc</subfield>
    <subfield code="5">1</subfield>
    <subfield code="7">0</subfield>
    <subfield code="8">PD</subfield>
    <subfield code="a">BNPHU</subfield>
    <subfield code="b">BNPHU</subfield>
    <subfield code="c">HD</subfield>
    <subfield code="d">2011-01-13</subfield>
    <subfield code="l">0</subfield>
    <subfield code="o">BNPHU PD 231.3 J91a</subfield>
    <subfield code="p">23775-10</subfield>
    <subfield code="r">2020-06-25</subfield>
    <subfield code="w">2020-06-25</subfield>
    <subfield code="y">LBS1</subfield>
    <subfield code="Z">No se presta</subfield>
  </datafield>
  <datafield tag="952" ind1=" " ind2=" ">
    <subfield code="0">0</subfield>
    <subfield code="1">0</subfield>
    <subfield code="2">ddc</subfield>
    <subfield code="5">1</subfield>
    <subfield code="7">0</subfield>
    <subfield code="8">PD</subfield>
    <subfield code="a">BNPHU</subfield>
    <subfield code="b">BNPHU</subfield>
    <subfield code="c">HD</subfield>
    <subfield code="d">2018-05-09</subfield>
    <subfield code="l">0</subfield>
    <subfield code="o">BNPHU PD 231.3 J91a</subfield>
    <subfield code="p">23775-20</subfield>
    <subfield code="r">2020-06-25</subfield>
    <subfield code="t">e. 2</subfield>
    <subfield code="w">2020-06-25</subfield>
    <subfield code="y">LBS1</subfield>
    <subfield code="Z">No se presta</subfield>
  </datafield>
  <datafield tag="999" ind1=" " ind2=" ">
    <subfield code="c">23271</subfield>
    <subfield code="d">23271</subfield>
  </datafield>
</record>
